Greek Logo Quiz Level 1 - Statistics

General Stats
  • This quiz has been taken 25 times
  • The average score is 20 of 25
Answer Stats
Picture Hint Answer % Correct
Bavarian Motor Works BMW
100%
Γερμανικό Σουπερμάρκετ Lidl
100%
Γνωστά Παπούτσια Nike
100%
Ιστοσελίδα άρχισε με όμικρον Opera
100%
Γνωστό Παπούτσι Puma
100%
Ελληνικά Τρόφιμα Δέλτα
80%
Βιομηχανία Γάλακτος Κρι Κρι
80%
Αλυσίδα Καταστημάτων Γερμανός
80%
Ελληνικό Ρύζι 3 Άλφα
80%
Αεροποιία που σημαίνει Αιγαίο Aegean
80%
Γνωστά Μολύβια Bic
80%
Γνωστό Κάπνισμα Camel
80%
Ιστοσελίδα με 7 γράμματα Firefox
80%
Παπούτσια με το γράμμα της Kappa
80%
Γνωστά Πατατάκια Lays
80%
Ιστοσελίδα με 3 γράμματα MSN
80%
Ελληνική Πίτσα Pizza Hut
80%
Βρετανική Τηλεπικοινωνία Vodafone
80%
Η Γαλακτοβιομηχανία που περιέχει γάλα, γιαούρτι κ.α. Ολύμπος
60%
Τα Λαχανικά Μας Μπάρμπα Στάθης
60%
Ελληνικά Ταχυδρομεία ΕΛΤΑ
60%
Σουηδικό Κατάστημα Ικεα
60%
Ελληνικό Γιαούρτι Φαγε
60%
Γάλα από την Δέλτα Βλάχας
60%
Γνωστή Ένδυση Volcom
60%
No matching quizzes found
Score Distribution
Percent of People with Each Score
Percentile by Number Answered
Your Score History
You have not taken this quiz